Yeni mesnevi (Record no. 1373)

MARC details
000 -BAŞLIK
Sabit Uzunlukta Kontrol Alanı 00620na a2200229 4500
001 - KONTROL NUMARASI
Denetim Alanı 14191
003 - KONTROL NUMARASI IDENTIFIER
Denetim Alanı MIRAKIL
005 - SON İŞLEM TARİHİ VE ZAMANI
Denetim Alanı 20181213154821.0
008 - SABİT-BOY VERİ ELEMANLARI - GENEL BİLGİLER
Sabit Uzunlukta Kontrol Alanı 161031b tu 000 0
035 ## - SİSTEM KONTROL NUMARASI
Sistem Kontrol Numarası 14191
040 ## - KATALOGLAMA KAYNAK
Orijinal Kataloglama Ajansı Milas
Kataloglama Dili tur
Metne Dönüştürmek Ajansı TR-AnCHP
041 ## - DİL KODU
Metin / Ses Parça Veya Ayrı Başlığın Dil Kodu tur
082 ## - DEWEY ONLU SINIFLANDIRMA NUMARASI
Sınıflandırma Numarası 819.11
Ürün Numarası M38y 1966
090 ## - SINIFLAMA NUMARASI
Sınıflama Numarası 819.11 M38y 1966
100 ## - ANA GİRİŞ - KİŞİSEL İSİM
Kişisel Ad Mevlana Celaleddin Rumi
Bir Adıyla İlişkilendirilen Tarihler 1207-1273
245 ## - BAŞLIK TABLOSU
Başlık Yeni mesnevi
Sorumluluk Tablosu, Vb Mevlana Celaleddin Rumi; [hazırlayan]: Necla Çarpan
260 ## - YAYIN, DAĞITIM, VB
Yayın, Dağıtım, Vb Yeri Ankara
Yayıncı, Dağıtıcı, Vs Adı [yayl. y.]
Yayın, Dağıtım, Vb Tarihi 1966
300 ## - FİZİKSEL TANIM
Kapsam 2 c.
Diğer Fiziksel Ayrıntıları res.
Boyutlar 20 sm.
650 ## - KONU KATMA GİRİŞ - TOPİKAL DÖNEM
Topikal Süreli Veya Coğrafi Ad Giriş Elemanı Mesnevi edebiyatı
700 ## - KATMA GİRİŞ - KİŞİSEL İSİM
Kişisel Ad Çapan, Necla
942 ## - EKLENDİ GİRİŞ ELEMANLARI (KOHA)
Sınıflandırma Veya Raf Düzeni Kaynak Dewey Decimal Classification
Koha Öğesi Türü Books
999 ## - SİSTEM KONTROL NUMARALARI (KOHA)
Koha Biblionumber 1373
Koha Biblioitemnumber 1373
Holdings
Kalıcı Konum Mevcut Konum Edinme Tarihi Edinim Kaynak Toplam Check-Out'Lar Tam Çağrı Numarası Barkod Tarih Son Görülme İtibaren Geçerli Fiyatlar Koha Öğesi Türü
CHP Kütüphanesi CHP Kütüphanesi 08/25/2016 Bağış   819.11 M38y 1966 002057 08/25/2016 08/25/2016 Books